Normal view
MARC view
- Cowie, Henry Edward Colvin
Entry Personal Name
001 - CONTROL NUMBER
- control field: 50402
003 - CONTROL NUMBER IDENTIFIER
- control field: NUST
005 - DATE AND TIME OF LATEST TRANSACTION
- control field: 20210314134624.0
008 - FIXED-LENGTH DATA ELEMENTS
- fixed length control field: 210314|| aca||aabn | a|a d
040 ## - CATALOGING SOURCE
- Original cataloging agency: NUST
- Transcribing agency: NUST
100 ## - HEADING--PERSONAL NAME
- Personal name: Cowie, Henry Edward Colvin
670 ## - SOURCE DATA FOUND
- Source citation: Work cat.: (NUST): Cowie, Henry Edward Colvin,, The Khushalgarh bridge., 1909.
